000 00924nam a2200229Ia 4500
003 OSt
005 20220923220335.0
006 a|||||r|||| 00| 0
007 ta
008 220922b |||||||| |||| 00| 0 hin d
024 _a186,052
037 _cTextual
040 _aARTS
_cARTS
_bhin
041 _2hin
_ahin
082 _aY592.2.N5z7, 152L1
100 _aश्रीनिवास, एम0 एन0
_9162034
245 0 _aआधुनिक भारत में जातिवाद तथा अन्य निबध, अनु शरद जोशी
246 _aĀdhunik bhārat mean jātivād tathā anya nibadha, anu0 sharad joshī
260 _aभाूेपाल
_b मध्यप्रदेश हिन्दी ग्रंथ अकादमी
_c1971
942 _hY592.2.N5z7, 152L1
_cTEXL
_2CC
999 _c339297
_d339297